00739nam a2200181 a 450000500170000000800410001702000180005805000230007610000200009924500410011926000350016030000090019552001760020465000240038065000210040499900190042595201130044420140412111427.0090225s19uu xx 00 eng d a0-8050-5911-3 aTR(PS EbHe42 1985 aBill, Matin Jr. aHere are my hands /cBill Martin Jr. aNew York :bHenry Holt,c1985. aunp. aThe Owner of the human body celebrates it by pointing out various parts and mentioning their functions, from "hands for catching and throwing" to Skin that bundles me in". aHuman bodyxfiction aStories in rhyme c106268d106268 001040aELbELcTRd2009-02-25eDonationl0oTR(PS E He42 1985pE11513r2014-04-12 00:00:00w2014-04-12yBK